[Event "GRE-ch U16"]
[Site "Chania"]
[Date "2003.04.20"]
[Round "1"]
[White "Naxakis, Theodoros"]
[Black "Kivranoglou, I."]
[Result "1-0"]
[WhiteElo "1755"]
[BlackElo "1525"]
[PlyCount "47"]
[EventDate "2003.04.??"]
[EventType "swiss"]
[EventRounds "7"]
[EventCountry "GRE"]
[SourceTitle "EXT 2005"]
[Source "ChessBase"]
[SourceDate "2004.11.15"]
[SourceVersion "1"]
[SourceVersionDate "2004.11.15"]
[SourceQuality "1"]

1. e4 c5 2. Nf3 d6 3. d4 cxd4 4. Nxd4 Nf6 5. Nc3 a6 6. Be3 e6 7. f4 Be7 8. Qf3 Qc7 9. g4 Nc6 10. g5 Nd7 11. 0-0-0 Rb8 12. Bh3 b5 13. Bxe6 Nxd4 14. Bxd7+ Qxd7 15. Bxd4 f6 16. gxf6 gxf6 17. Qh5+ Kd8 18. Nd5 Qe6 19. Rhe1 Bb7 20. f5 Qc8 21. Nxe7 Kxe7 22. Bxf6+ Kxf6 23. Rxd6+ Ke7 24. Re6+ 1-0